|
|
|
|
| LEADER |
00000nam0a2200000 4500 |
| 001 |
66132 |
| 005 |
20231101212238.0 |
| 010 |
|
|
|a 5887823453
|
| 035 |
|
|
|a (RuTPU)RU\TPU\book\70232
|
| 090 |
|
|
|a 66132
|
| 100 |
|
|
|a 20040723d2003 m y0rusy50 ca
|
| 101 |
0 |
|
|a rus
|
| 102 |
|
|
|a RU
|
| 105 |
|
|
|a a j 011zy
|
| 200 |
1 |
|
|a Экономика знаний
|e учебное пособие
|f В. В. Глухов, С. Б. Коробко, Т. В. Маринина
|
| 210 |
|
|
|a СПб.
|c Питер
|d 2003
|
| 215 |
|
|
|a 528 с.
|c ил.
|
| 225 |
1 |
|
|a Учебное пособие
|
| 225 |
1 |
|
|a Издательская программа "300 лучших учебников для высшей школы в честь 300-летия Санкт-Петербурга"
|
| 320 |
|
|
|a Библиогр.: с. 516-519
|
| 320 |
|
|
|a Именной и предметный указатель: 520-526
|
| 330 |
|
|
|a В пособии разработана система организационно-экономических мероприятий по формированию и управлению научными исследованиями. Исследуются проблемы формирования научной политики, взаимодействия науки и государства. Предложена методика оценки экономического эффекта от проведения и реализации целевой программы. Изложены методы проведения экспертизы результатов исследований и разработок. Рассмотрены вопросы правовой охраны и коммерциализации интеллектуальной собственности, современные методы оценки патентов, лицензий, ноу-хау. Пособие предназначено для специалистов в области инновационного менеджмента, аспирантов и преподавателей вузов. Материал подготовлен в рамках проекта федеральной программы «Интеграция». Рекомендовано учебно-методическим объединением в качестве учебного пособия для подготовки магистров по направлению «Менеджмент».
|
| 606 |
1 |
|
|a Непроизводственная сфера
|x Экономика
|2 stltpush
|3 (RuTPU)RU\TPU\subj\36505
|9 57859
|
| 610 |
1 |
|
|a экономика
|
| 610 |
1 |
|
|a знания
|
| 610 |
1 |
|
|a наука
|
| 610 |
1 |
|
|a научные организации
|
| 610 |
1 |
|
|a научные исследования
|
| 610 |
1 |
|
|a управление
|
| 610 |
1 |
|
|a менеджмент
|
| 610 |
1 |
|
|a интеллектуальный потенциал
|
| 610 |
1 |
|
|a интеллектуальная собственность
|
| 610 |
1 |
|
|a оценка
|
| 610 |
1 |
|
|a эффективность
|
| 610 |
1 |
|
|a инновации
|
| 610 |
1 |
|
|a инновационные проекты
|
| 610 |
1 |
|
|a программное обеспечение
|
| 610 |
1 |
|
|a комплексные программы
|
| 610 |
1 |
|
|a научно-технические нововведения
|
| 610 |
1 |
|
|a научно-технические программы
|
| 610 |
1 |
|
|a прогнозирование
|
| 610 |
1 |
|
|a международные программы
|
| 610 |
1 |
|
|a оптимизация
|
| 610 |
1 |
|
|a учебные пособия
|
| 686 |
|
|
|a У9(2)49я73
|v LBC/SL-A
|2 rubbk
|
| 686 |
|
|
|a У9(2)0-551я73
|v LBC/SL-A
|2 rubbk
|
| 700 |
|
1 |
|a Глухов
|b В. В.
|g Владимир Викторович
|
| 701 |
|
1 |
|a Коробко
|b С. Б.
|g Светлана Борисовна
|
| 701 |
|
1 |
|a Маринина
|b Т. В.
|g Татьяна Владимировна
|
| 801 |
|
1 |
|a RU
|b 63413507
|c 20040723
|g PSBO
|
| 801 |
|
2 |
|a RU
|b 63413507
|c 20211214
|g PSBO
|
| 900 |
|
|
|a Менеджмент
|
| 900 |
|
|
|a Интеллектуальная собственность (фак)
|
| 900 |
|
|
|a Интеллектуальная и промышленная собственность
|
| 900 |
|
|
|a Интеллектуальная собственность и лицензирование
|
| 900 |
|
|
|a Интеллектуальная собственность и рынок
|
| 942 |
|
|
|c BK
|
| 951 |
|
|
|b 080500
|